000 00472nam a2200181Ia 4500
008 151202s9999||||xx |||||||||||||| ||und||
082 _bPNVM-83125
100 _aSTINE . L.R.
245 4 _aThe knight in screaming armor.
260 _bSCHOLASTIC PRESS NEW YORK.
260 _c1996
300 _a136
600 _aSTINE . L.R.
630 _aThe knight in screaming armor.
700 _aSTINE . L.R.
730 _aThe knight in screaming armor.
942 _cBOOK
999 _c1347857
_d1347854